[Event "Hastings Masters"]
[Site "Hastings, England"]
[Date "2015.01.03"
[Round "6.20"]
[White "Longson, Alexander"]
[WhiteElo "2339"]
[Black "Ramstad, Havard"]
[BlackElo "2063"]
[Result "1-0"]

1. d4 {[%clk 1:40:56]} d5 {[%clk 1:40:37]} 2. c4 {[%clk 1:41:13]} c6
{[%clk 1:40:50]} 3. Nf3 {[%clk 1:41:25]} Nf6 {[%clk 1:40:19]} 4. e3
{[%clk 1:41:44]} e6 {[%clk 1:40:30]} 5. b3 {[%clk 1:41:55]} Nbd7 {[%clk 1:39:50]}
6. Bb2 {[%clk 1:42:09]} Bd6 {[%clk 1:39:46]} 7. Bd3 {[%clk 1:41:48]} O-O
{[%clk 1:39:17]} 8. Ne5 {[%clk 1:35:19]} Ne4 {[%clk 1:37:07]} 9. O-O
{[%clk 1:30:10]} f6 {[%clk 1:29:18]} 10. Nxd7 {[%clk 1:24:44]} Bxd7
{[%clk 1:23:40]} 11. f3 {[%clk 1:07:24]} Ng5 {[%clk 1:23:05]} 12. Nc3
{[%clk 1:07:27]} Be8 {[%clk 1:16:12]} 13. f4 {[%clk 0:56:46]} Nf7
{[%clk 1:15:33]} 14. e4 dxe4 {[%clk 0:59:23]} 15. Nxe4 {[%clk 0:55:03]} Be7
{[%clk 0:52:50]} 16. Qc2 {[%clk 0:48:10]} f5 {[%clk 0:44:53]} 17. Nc5
{[%clk 0:45:51]} Qc8 {[%clk 0:44:37]} 18. Rfe1 {[%clk 0:41:40]} Nd8
{[%clk 0:43:11]} 19. Qe2 {[%clk 0:35:02]} Bf7 {[%clk 0:41:09]} 20. Bc2
{[%clk 0:33:39]} Bf6 {[%clk 0:32:30]} 21. Nd3 {[%clk 0:30:46]} Qc7
{[%clk 0:23:47]} 22. Rad1 {[%clk 0:28:25]} c5 {[%clk 0:23:32]} 23. Nxc5
{[%clk 0:26:52]} Qxf4 {[%clk 0:09:59]} 24. Nd7 {[%clk 0:26:50]} Re8
{[%clk 0:05:41]} 25. Nxf6+ {[%clk 0:27:06]} gxf6 {[%clk 0:05:53]} 26. Rf1
{[%clk 0:22:58]} Qh4 {[%clk 0:05:26]} 27. Rd3 {[%clk 0:20:22]} Kh8
{[%clk 0:02:54]} 28. Rh3 {[%clk 0:16:45]} Qg5 {[%clk 0:02:40]} 29. Rg3
{[%clk 0:14:24]} Qh4 {[%clk 0:02:06]} 30. Qd2 {[%clk 0:10:55]} Rg8
{[%clk 0:01:30]} 31. d5 {[%clk 0:05:19]} e5 {[%clk 0:00:46]} 32. Rxg8+
{[%clk 0:03:30]} Bxg8 {[%clk 0:01:13]} 33. Bxf5 {[%clk 0:03:09]} Nf7
{[%clk 0:01:22]} 34. Be6 {[%clk 0:02:50]} Ng5 {[%clk 0:01:36]} 35. Bf5
{[%clk 0:02:07]} Qh6 {[%clk 0:01:27]} 36. Qe2 {[%clk 0:01:58]} Bf7
{[%clk 0:01:36]} 37. d6 {[%clk 0:01:34]} Rg8 {[%clk 0:01:49]} 38. d7
{[%clk 0:01:36]} Be6 {[%clk 0:01:43]} 39. Bxe6 {[%clk 0:00:54]} Nxe6
{[%clk 0:02:06]} 40. Rxf6 {[%clk 0:00:42]} Nf4 {[%clk 0:01:43]} 41. Rxf4
{[%clk 0:48:06]} 1-0

[Event "Hastings Masters"]
[Site "Hastings, England"]
[Date "2015.01.03"
[Round "6.21"]
[White "Maisuradze, Nino"]
[WhiteElo "2323"]
[Black "Sugden, John N"]
[BlackElo "2105"]
[Result "1-0"]

1. d4 {[%clk 1:40:54]} Nf6 {[%clk 1:40:29]} 2. c4 {[%clk 1:39:40]} e6
{[%clk 1:40:03]} 3. Nc3 {[%clk 1:39:38]} Bb4 {[%clk 1:39:51]} 4. e3
{[%clk 1:39:20]} O-O {[%clk 1:39:30]} 5. Nge2 {[%clk 1:39:46]} d5
{[%clk 1:38:17]} 6. a3 {[%clk 1:39:55]} Be7 {[%clk 1:36:49]} 7. cxd5
{[%clk 1:36:15]} exd5 {[%clk 1:36:27]} 8. Nf4 {[%clk 1:36:36]} c6
{[%clk 1:31:59]} 9. Bd3 {[%clk 1:36:18]} Nbd7 {[%clk 1:28:10]} 10. O-O
{[%clk 1:36:30]} Bd6 {[%clk 1:18:44]} 11. Nce2 {[%clk 1:07:40]} Re8
{[%clk 1:15:57]} 12. Qc2 {[%clk 1:05:40]} Nf8 {[%clk 1:10:13]} 13. Ng3
{[%clk 1:05:39]} Ng6 {[%clk 1:01:53]} 14. Nxg6 {[%clk 0:58:01]} hxg6
{[%clk 1:02:09]} 15. Re1 {[%clk 0:57:39]} Bd7 {[%clk 0:57:20]} 16. Nf1
{[%clk 0:55:53]} Rc8 {[%clk 0:54:45]} 17. Bd2 {[%clk 0:55:43]} Ne4
{[%clk 0:50:37]} 18. b4 {[%clk 0:48:47]} Nxd2 {[%clk 0:47:26]} 19. Nxd2
{[%clk 0:48:41]} Qg5 {[%clk 0:43:43]} 20. f4 {[%clk 0:39:03]} Qf6
{[%clk 0:40:41]} 21. Nf3 {[%clk 0:36:47]} Bf5 {[%clk 0:39:22]} 22. Rac1
{[%clk 0:31:52]} a6 {[%clk 0:33:45]} 23. Ne5 {[%clk 0:28:55]} Bxd3
{[%clk 0:31:35]} 24. Qxd3 {[%clk 0:28:41]} Qf5 {[%clk 0:29:37]} 25. Qxf5
{[%clk 0:19:13]} gxf5 {[%clk 0:29:57]} 26. Nd3 {[%clk 0:19:34]} Rc7
{[%clk 0:21:00]} 27. Kf2 {[%clk 0:19:28]} f6 {[%clk 0:18:22]} 28. h4
{[%clk 0:07:27]} Kf7 {[%clk 0:17:24]} 29. Rc2 {[%clk 0:06:12]} Rec8
{[%clk 0:14:54]} 30. g3 {[%clk 0:06:21]} Ke6 {[%clk 0:13:59]} 31. Kf3
{[%clk 0:05:04]} Rh8 {[%clk 0:13:13]} 32. a4 {[%clk 0:04:46]} Rhc8
{[%clk 0:12:08]} 33. Rec1 {[%clk 0:04:33]} Kd7 {[%clk 0:10:54]} 34. Rb1
{[%clk 0:01:48]} Ra8 {[%clk 0:10:15]} 35. Nc5+ {[%clk 0:01:39]} Bxc5
{[%clk 0:07:38]} 36. bxc5 {[%clk 0:01:50]} Re8 {[%clk 0:07:20]} 37. h5
{[%clk 0:01:17]} Kc8 {[%clk 0:07:05]} 38. Rh1 {[%clk 0:01:22]} Rce7
{[%clk 0:03:47]} 39. Re2 {[%clk 0:01:49]} Rh8 {[%clk 0:03:41]} 40. h6
{[%clk 0:01:23]} g6 {[%clk 0:01:57]} 41. Reh2 {[%clk 0:40:35]} Rhh7
{[%clk 0:42:50]} 42. Rg2 {[%clk 0:40:33]} Kd7 {[%clk 0:39:29]} 43. g4
{[%clk 0:40:38]} Ke6 {[%clk 0:38:15]} 44. g5 {[%clk 0:40:50]} fxg5
{[%clk 0:37:01]} 45. fxg5 {[%clk 0:39:43]} Rc7 {[%clk 0:28:17]} 46. Rf1
{[%clk 0:38:31]} Rhd7 {[%clk 0:26:27]} 47. Kg3 {[%clk 0:37:48]} Rh7
{[%clk 0:26:18]} 48. Rgf2 {[%clk 0:37:41]} Rcd7 {[%clk 0:24:30]} 49. Kh4
{[%clk 0:37:34]} Rhf7 {[%clk 0:22:14]} 50. Rf4 {[%clk 0:37:23]} Rc7
{[%clk 0:20:42]} 51. Kg3 {[%clk 0:36:45]} Rh7 {[%clk 0:17:03]} 52. Rxf5
{[%clk 0:27:09]} gxf5 {[%clk 0:17:05]} 53. Kh4 {[%clk 0:27:38]} Rxh6+
{[%clk 0:06:03]} 54. gxh6 {[%clk 0:28:06]} Kf6 {[%clk 0:06:17]} 55. Kh5
{[%clk 0:27:04]} Re7 {[%clk 0:06:21]} 56. Rf3 {[%clk 0:26:50]} Rf7
{[%clk 0:01:16]} 57. Rg3 {[%clk 0:26:23]} Rh7 {[%clk 0:01:17]} 58. Rg6+
{[%clk 0:26:07]} Ke7 {[%clk 0:01:33]} 59. Rg7+ {[%clk 0:25:39]} Rxg7
{[%clk 0:01:59]} 60. hxg7 {[%clk 0:26:06]} Kf7 {[%clk 0:02:17]} 61. Kh6
{[%clk 0:26:31]} Kg8 {[%clk 0:02:09]} 62. a5 {[%clk 0:26:53]} 1-0

[Event "Hastings Masters"]
[Site "Hastings, England"]
[Date "2015.01.03"
[Round "6.22"]
[White "Mann, Johannes"]
[WhiteElo "2080"]
[Black "Kiefer, Daniel"]
[BlackElo "2255"]
[Result "1-0"]

1. d4 {[%clk 1:34:15]} Nf6 {[%clk 1:40:50]} 2. c4 {[%clk 1:33:44]} c5
{[%clk 1:41:12]} 3. d5 {[%clk 1:34:08]} b5 {[%clk 1:41:37]} 4. cxb5
{[%clk 1:34:27]} a6 {[%clk 1:41:59]} 5. bxa6 {[%clk 1:34:28]} g6 {[%clk 1:42:16]}
6. Nc3 {[%clk 1:34:52]} Bxa6 {[%clk 1:42:31]} 7. g3 {[%clk 1:35:09]} d6
{[%clk 1:42:43]} 8. Bg2 {[%clk 1:34:53]} Bg7 {[%clk 1:43:01]} 9. Nf3
{[%clk 1:34:56]} Nbd7 {[%clk 1:43:14]} 10. Rb1 {[%clk 1:35:07]} Nb6
{[%clk 1:39:51]} 11. b3 {[%clk 1:31:51]} Bb7 {[%clk 1:43:42]} 12. Nh4
{[%clk 1:32:05]} O-O {[%clk 1:34:47]} 13. O-O {[%clk 1:32:19]} Ra6
{[%clk 1:29:33]} 14. e4 {[%clk 1:18:48]} Nfd7 {[%clk 1:24:26]} 15. Qc2
{[%clk 1:17:43]} Qa8 {[%clk 1:15:02]} 16. Rd1 {[%clk 1:10:15]} c4
{[%clk 0:56:45]} 17. b4 {[%clk 0:59:23]} Ne5 {[%clk 0:46:20]} 18. Bf1
{[%clk 0:44:44]} Na4 {[%clk 0:34:35]} 19. Nb5 {[%clk 0:34:41]} Rb6
{[%clk 0:32:03]} 20. Nd4 {[%clk 0:31:11]} e6 {[%clk 0:30:17]} 21. f4
{[%clk 0:26:43]} Nd7 {[%clk 0:20:22]} 22. Bxc4 {[%clk 0:22:01]} Rc8
{[%clk 0:14:30]} 23. Qd3 {[%clk 0:04:03]} exd5 {[%clk 0:12:53]} 24. exd5
{[%clk 0:04:11]} Bxd5 {[%clk 0:10:22]} 25. Bxd5 {[%clk 0:03:58]} Qxd5
{[%clk 0:10:45]} 26. Ne2 {[%clk 0:02:34]} Qxa2 {[%clk 0:10:29]} 27. Be3
{[%clk 0:02:06]} Nc3 {[%clk 0:08:29]} 28. Nxc3 {[%clk 0:00:43]} Rxc3
{[%clk 0:08:54]} 29. Qd2 {[%clk 0:00:49]} Rc2 {[%clk 0:08:12]} 30. Qd5
{[%clk 0:01:11]} Qa6 {[%clk 0:03:05]} 31. Bxb6 {[%clk 0:00:34]} Qxb6+
{[%clk 0:03:28]} 32. Kh1 {[%clk 0:01:00]} Qf2 {[%clk 0:03:17]} 33. Qg2
{[%clk 0:01:01]} Qxg2+ {[%clk 0:01:54]} 34. Nxg2 {[%clk 0:01:29]} Bf8
{[%clk 0:02:20]} 35. Ne3 {[%clk 0:01:06]} Re2 {[%clk 0:01:51]} 36. Nd5
{[%clk 0:01:31]} f5 {[%clk 0:02:09]} 37. b5 {[%clk 0:01:46]} Rc2 {[%clk 0:01:28]}
38. b6 {[%clk 0:01:34]} Kf7 {[%clk 0:01:38]} 39. b7 {[%clk 0:01:19]} Nb8
{[%clk 0:02:02]} 40. Rdc1 {[%clk 0:01:14]} Rc5 {[%clk 0:01:51]} 41. Rxc5
{[%clk 0:43:03]} dxc5 {[%clk 0:52:18]} 42. Rb6 {[%clk 0:43:05]} c4
{[%clk 0:41:38]} 43. Kg2 {[%clk 0:34:53]} Bc5 {[%clk 0:30:53]} 44. Rb5
{[%clk 0:34:23]} Bd4 {[%clk 0:30:31]} 45. Rb4 {[%clk 0:28:32]} Ke6
{[%clk 0:29:55]} 46. Nc7+ {[%clk 0:28:32]} Kd6 {[%clk 0:28:10]} 47. Rxc4
{[%clk 0:28:52]} Bc5 {[%clk 0:28:28]} 48. Ne8+ {[%clk 0:28:19]} Kc6
{[%clk 0:28:11]} 49. Nf6 {[%clk 0:27:14]} h5 {[%clk 0:26:46]} 50. Rc2
{[%clk 0:18:49]} Kd6 {[%clk 0:20:08]} 51. Kh3 {[%clk 0:17:06]} Na6
{[%clk 0:16:07]} 52. Rxc5 {[%clk 0:16:49]} 1-0

[Event "Hastings Masters"]
[Site "Hastings, England"]
[Date "2015.01.03"
[Round "6.23"]
[White "Vanheirzeele, Daniel"]
[WhiteElo "2081"]
[Black "Eames, Robert S"]
[BlackElo "2237"]
[Result "1/2-1/2"]

1. d4 {[%clk 1:40:35]} f5 {[%clk 1:40:19]} 2. g3 {[%clk 1:40:52]} Nf6
{[%clk 1:40:28]} 3. Bg2 {[%clk 1:40:20]} g6 {[%clk 1:39:31]} 4. c3 Bg7 5. h4
{[%clk 1:40:37]} Nc6 {[%clk 1:38:21]} 6. Nh3 {[%clk 1:37:25]} d6 {[%clk 1:30:20]}
7. d5 {[%clk 1:23:37]} Ne5 {[%clk 1:29:42]} 8. Nf4 {[%clk 1:22:29]} c6
{[%clk 1:28:44]} 9. h5 {[%clk 1:11:02]} cxd5 {[%clk 1:19:51]} 10. hxg6
{[%clk 1:04:17]} e6 {[%clk 1:14:43]} 11. gxh7 {[%clk 1:04:27]} Qe7
{[%clk 1:12:44]} 12. Be3 {[%clk 0:53:43]} Bd7 {[%clk 1:03:17]} 13. Bd4
{[%clk 0:53:12]} Qf7 {[%clk 0:56:14]} 14. Na3 {[%clk 0:42:32]} Bc6
{[%clk 0:48:02]} 15. Qb3 {[%clk 0:36:05]} Neg4 {[%clk 0:41:25]} 16. Nb5
{[%clk 0:32:22]} Kd7 {[%clk 0:30:05]} 17. Qb4 {[%clk 0:15:13]} Ne8
{[%clk 0:19:47]} 18. Bxg7 {[%clk 0:15:08]} Qxg7 {[%clk 0:19:25]} 19. Nd4
{[%clk 0:15:22]} Nc7 {[%clk 0:18:19]} 20. Rd1 {[%clk 0:12:23]} Rxh7
{[%clk 0:16:24]} 21. Rxh7 {[%clk 0:11:41]} Qxh7 {[%clk 0:16:48]} 22. c4
{[%clk 0:08:33]} Qh2 {[%clk 0:12:48]} 23. Nf3 {[%clk 0:07:30]} Qh6
{[%clk 0:09:19]} 24. cxd5 {[%clk 0:06:22]} exd5 {[%clk 0:08:24]} 25. Nh4
{[%clk 0:05:55]} 1/2-1/2

[Event "Hastings Masters"]
[Site "Hastings, England"]
[Date "2015.01.03"
[Round "6.24"]
[White "Brustkern, Juergen"]
[WhiteElo "2236"]
[Black "Taylor, Adam C"]
[BlackElo "2056"]
[Result "1/2-1/2"]

1. Nf3 {[%clk 1:38:02]} Nf6 {[%clk 1:40:53]} 2. c4 {[%clk 1:38:19]} g6
{[%clk 1:40:50]} 3. Nc3 {[%clk 1:38:32]} c5 {[%clk 1:40:22]} 4. e3
{[%clk 1:38:36]} Bg7 {[%clk 1:40:31]} 5. d4 {[%clk 1:38:58]} O-O {[%clk 1:39:59]}
6. d5 {[%clk 1:37:55]} d6 {[%clk 1:37:59]} 7. Be2 {[%clk 1:38:10]} e6
{[%clk 1:36:01]} 8. O-O {[%clk 1:38:27]} exd5 {[%clk 1:35:45]} 9. cxd5
{[%clk 1:38:44]} Bg4 {[%clk 1:21:22]} 10. h3 {[%clk 1:36:24]} Bxf3
{[%clk 1:21:31]} 11. Bxf3 {[%clk 1:36:48]} Na6 12. e4 {[%clk 1:25:02]} Nd7
{[%clk 1:08:45]} 13. Be2 {[%clk 1:24:55]} Re8 {[%clk 1:02:02]} 14. Bf4
{[%clk 1:14:10]} Qb6 {[%clk 0:52:06]} 15. Rb1 {[%clk 1:06:37]} Ne5
{[%clk 0:50:39]} 16. Be3 {[%clk 1:04:05]} Nd7 {[%clk 0:38:29]} 17. a3
{[%clk 0:52:02]} Rad8 {[%clk 0:29:30]} 18. Qd2 {[%clk 0:48:12]} Qa5
{[%clk 0:27:25]} 19. b4 {[%clk 0:41:54]} Qc7 {[%clk 0:21:43]} 20. Nb5
{[%clk 0:35:26]} Qb8 {[%clk 0:21:54]} 21. f3 {[%clk 0:35:27]} b6 {[%clk 0:12:46]}
22. Nxd6 {[%clk 0:33:42]} Qxd6 {[%clk 0:13:12]} 23. Bxa6 {[%clk 0:34:03]} f5
{[%clk 0:13:33]} 24. Bg5 {[%clk 0:25:47]} fxe4 {[%clk 0:11:20]} 25. fxe4
{[%clk 0:24:44]} Rb8 {[%clk 0:10:16]} 26. Bf4 {[%clk 0:22:18]} Be5
{[%clk 0:10:37]} 27. Bb5 {[%clk 0:22:16]} Re7 {[%clk 0:09:02]} 28. Bxd7
{[%clk 0:21:41]} Rxd7 {[%clk 0:08:37]} 29. Bxe5 {[%clk 0:13:54]} Qxe5
{[%clk 0:08:41]} 30. bxc5 {[%clk 0:14:19]} Qxe4 {[%clk 0:08:29]} 31. cxb6
{[%clk 0:12:57]} axb6 {[%clk 0:08:11]} 32. d6 {[%clk 0:11:40]} Qe5
{[%clk 0:06:39]} 33. Rfd1 {[%clk 0:08:34]} Qc5+ {[%clk 0:00:47]} 34. Kh1
{[%clk 0:08:56]} Rbd8 {[%clk 0:00:37]} 35. Qa2+ {[%clk 0:08:52]} Kg7
{[%clk 0:00:55]} 36. Qb2+ {[%clk 0:08:36]} Kg8 {[%clk 0:00:46]} 37. Qb3+
{[%clk 0:07:12]} Kg7 {[%clk 0:00:57]} 38. Rd5 {[%clk 0:07:37]} Qc6
{[%clk 0:00:45]} 39. Rf1 {[%clk 0:03:37]} Rxd6 {[%clk 0:00:38]} 40. Rf7+
{[%clk 0:03:47]} Kg8 {[%clk 0:00:31]} 41. Rxd6 {[%clk 0:03:38]} Rxd6
{[%clk 0:47:31]} 42. Rf5+ {[%clk 0:48:49]} Kh8 {[%clk 0:40:59]} 43. Rf8+
{[%clk 0:49:04]} Kg7 {[%clk 0:41:10]} 44. Rg8+ {[%clk 0:46:22]} Kf6
{[%clk 0:33:04]} 45. Rf8+ {[%clk 0:43:39]} Kg7 {[%clk 0:33:22]} 46. Rg8+
{[%clk 0:33:01]} Kf6 {[%clk 0:33:42]} 47. Kh2 {[%clk 0:29:40]} Qd5
{[%clk 0:31:58]} 48. Qg3 {[%clk 0:29:23]} Qxg8 {[%clk 0:30:41]} 49. Qxd6+
{[%clk 0:29:48]} Qe6 {[%clk 0:30:58]} 50. Qd8+ {[%clk 0:29:59]} Ke5
{[%clk 0:27:49]} 51. Qh8+ {[%clk 0:28:45]} Kd5 {[%clk 0:27:43]} 52. Qxh7
{[%clk 0:28:57]} Qe5+ {[%clk 0:27:53]} 1/2-1/2

[Event "Hastings Masters"]
[Site "Hastings, England"]
[Date "2015.01.03"
[Round "6.25"]
[White "Wadsworth, Matthew J"]
[WhiteElo "2064"]
[Black "Britton, Richard L"]
[BlackElo "2230"]
[Result "0-1"]

1. e4 c5 {[%clk 1:37:55]} 2. Nf3 {[%clk 1:41:20]} d6 {[%clk 1:38:17]} 3. d4
{[%clk 1:41:42]} cxd4 {[%clk 1:38:43]} 4. Nxd4 {[%clk 1:42:06]} Nf6
{[%clk 1:39:04]} 5. Nc3 {[%clk 1:42:29]} a6 {[%clk 1:39:30]} 6. Bg5
{[%clk 1:42:50]} e6 {[%clk 1:39:24]} 7. f4 {[%clk 1:43:11]} Be7 {[%clk 1:39:48]}
8. Qf3 {[%clk 1:43:11]} Qc7 {[%clk 1:39:53]} 9. O-O-O {[%clk 1:43:23]} Nbd7
{[%clk 1:40:06]} 10. g4 {[%clk 1:42:15]} b5 {[%clk 1:34:56]} 11. Bxf6
{[%clk 1:33:52]} Nxf6 {[%clk 1:35:20]} 12. g5 {[%clk 1:34:01]} Nd7
{[%clk 1:35:46]} 13. f5 {[%clk 1:31:12]} Bxg5+ {[%clk 1:23:37]} 14. Kb1
{[%clk 1:31:21]} Ne5 {[%clk 1:23:59]} 15. Qh5 {[%clk 1:30:48]} Qd8
{[%clk 1:22:14]} 16. Nxe6 {[%clk 1:18:55]} Bxe6 {[%clk 1:21:32]} 17. fxe6
{[%clk 1:19:23]} g6 {[%clk 1:08:08]} 18. exf7+ {[%clk 1:17:45]} Kxf7
{[%clk 1:08:33]} 19. Qe2 {[%clk 1:14:30]} Kg7 {[%clk 1:08:54]} 20. Bh3
{[%clk 1:12:04]} Rf8 {[%clk 1:00:21]} 21. Rhf1 {[%clk 0:43:12]} Rxf1
{[%clk 0:58:26]} 22. Qxf1 {[%clk 0:40:08]} Nc4 {[%clk 0:54:57]} 23. Qh1
{[%clk 0:24:24]} Bf6 {[%clk 0:52:11]} 24. Qf3 {[%clk 0:23:16]} Nxb2
{[%clk 0:48:48]} 25. Kxb2 {[%clk 0:13:30]} b4 {[%clk 0:48:52]} 26. Kb1
{[%clk 0:11:27]} Bxc3 {[%clk 0:41:15]} 27. Qd3 {[%clk 0:07:55]} Be5
{[%clk 0:40:14]} 28. Rf1 {[%clk 0:07:38]} Qc7 {[%clk 0:38:46]} 29. Be6
{[%clk 0:07:22]} Rf8 {[%clk 0:28:22]} 30. Rxf8 {[%clk 0:05:58]} Kxf8
{[%clk 0:28:46]} 31. Qxa6 {[%clk 0:05:54]} Ke7 {[%clk 0:26:56]} 32. Bc4
{[%clk 0:03:21]} Kf6 {[%clk 0:19:22]} 33. a3 {[%clk 0:00:40]} Qc5
{[%clk 0:19:08]} 34. Bb3 {[%clk 0:00:31]} Qg1+ {[%clk 0:19:11]} 0-1

[Event "Hastings Masters"]
[Site "Hastings, England"]
[Date "2015.01.03"
[Round "6.26"]
[White "Gregory, Stephen J"]
[WhiteElo "2056"]
[Black "Rolvag, Mikael"]
[BlackElo "2191"]
[Result "0-1"]

1. e4 {[%clk 1:40:57]} c5 {[%clk 1:40:52]} 2. f4 {[%clk 1:41:04]} d5
{[%clk 1:37:55]} 3. exd5 {[%clk 1:41:25]} Qxd5 {[%clk 1:36:13]} 4. Nc3
{[%clk 1:41:24]} Qd8 {[%clk 1:36:37]} 5. Nf3 {[%clk 1:38:40]} Nf6
{[%clk 1:34:03]} 6. Bc4 {[%clk 1:38:31]} e6 {[%clk 1:34:10]} 7. O-O
{[%clk 1:36:53]} Be7 {[%clk 1:33:49]} 8. d3 {[%clk 1:33:27]} O-O {[%clk 1:30:19]}
9. Bd2 {[%clk 1:31:11]} Nc6 {[%clk 1:29:40]} 10. a3 {[%clk 1:29:17]} Bd7
{[%clk 1:24:46]} 11. Ne5 {[%clk 1:25:43]} Nd4 {[%clk 1:15:44]} 12. Ne2
{[%clk 1:23:52]} Be8 {[%clk 1:09:01]} 13. c3 {[%clk 1:16:40]} Nf5
{[%clk 1:05:24]} 14. b4 {[%clk 1:08:59]} Nd5 15. Qc1 {[%clk 1:07:20]} Rc8
{[%clk 0:56:13]} 16. g4 {[%clk 0:59:06]} Nd6 {[%clk 0:44:09]} 17. Bxd5
{[%clk 0:56:11]} exd5 {[%clk 0:44:30]} 18. bxc5 {[%clk 0:54:04]} Rxc5
{[%clk 0:44:13]} 19. Be3 {[%clk 0:51:42]} Ra5 {[%clk 0:44:17]} 20. f5
{[%clk 0:49:46]} Ra4 {[%clk 0:35:10]} 21. Nf4 {[%clk 0:45:32]} Nb5
{[%clk 0:30:39]} 22. Nf3 {[%clk 0:31:52]} Bf6 {[%clk 0:26:21]} 23. d4
{[%clk 0:23:28]} Be7 {[%clk 0:21:48]} 24. f6 {[%clk 0:22:42]} Bxf6
{[%clk 0:20:59]} 25. Nh5 {[%clk 0:21:25]} Ra6 {[%clk 0:18:18]} 26. Ra2
{[%clk 0:13:06]} Be7 {[%clk 0:17:53]} 27. a4 {[%clk 0:11:53]} Nd6
{[%clk 0:17:42]} 28. g5 {[%clk 0:09:26]} Ne4 {[%clk 0:16:57]} 29. Qe1
{[%clk 0:08:11]} f6 {[%clk 0:10:54]} 30. gxf6 {[%clk 0:07:32]} Bxf6
{[%clk 0:09:28]} 31. Ng3 {[%clk 0:07:11]} Nxg3 {[%clk 0:09:04]} 32. Qxg3
{[%clk 0:06:50]} Bg6 {[%clk 0:09:17]} 33. Ne5 {[%clk 0:06:05]} Be4
{[%clk 0:09:27]} 34. Rf4 {[%clk 0:05:40]} Bxe5 {[%clk 0:08:27]} 35. Rxf8+
{[%clk 0:05:56]} Qxf8 {[%clk 0:08:50]} 36. Qxe5 {[%clk 0:05:16]} Rg6+
{[%clk 0:08:23]} 37. Bg5 {[%clk 0:05:04]} h6 {[%clk 0:08:12]} 38. h4
{[%clk 0:05:19]} hxg5 {[%clk 0:07:59]} 39. Rf2 {[%clk 0:05:06]} gxh4+
{[%clk 0:07:53]} 40. Kf1 {[%clk 0:05:13]} Bd3+ {[%clk 0:07:48]} 0-1

[Event "Hastings Masters"]
[Site "Hastings, England"]
[Date "2015.01.03"
[Round "6.27"]
[White "Byron, Alan M"]
[WhiteElo "2188"]
[Black "Barton, R Alan"]
[BlackElo "2042"]
[Result "1/2-1/2"]

1. e4 {[%clk 1:40:55]} d5 {[%clk 1:40:56]} 2. exd5 {[%clk 1:41:14]} Qxd5
{[%clk 1:40:55]} 3. Nc3 {[%clk 1:41:36]} Qa5 {[%clk 1:41:11]} 4. d4
{[%clk 1:40:29]} c6 {[%clk 1:41:28]} 5. Nf3 {[%clk 1:40:26]} Nf6 {[%clk 1:41:51]}
6. Be2 {[%clk 1:35:48]} Bf5 {[%clk 1:41:36]} 7. Ne5 {[%clk 1:34:20]} Nbd7
{[%clk 1:35:37]} 8. Nc4 {[%clk 1:32:52]} Qc7 {[%clk 1:35:03]} 9. Ne3
{[%clk 1:31:01]} Be6 {[%clk 1:24:01]} 10. Bf3 {[%clk 1:20:43]} Nb6
{[%clk 1:21:44]} 11. a4 {[%clk 1:18:51]} a5 {[%clk 1:19:30]} 12. O-O
{[%clk 1:14:49]} Rd8 {[%clk 1:17:41]} 13. Ne4 {[%clk 1:09:04]} Nxe4
{[%clk 1:16:37]} 14. Bxe4 {[%clk 1:04:53]} g6 {[%clk 1:17:02]} 15. c3
{[%clk 1:03:00]} Bg7 {[%clk 1:17:27]} 16. Qc2 {[%clk 0:59:49]} O-O
{[%clk 1:16:55]} 17. h4 {[%clk 0:58:51]} f5 {[%clk 1:11:52]} 18. Bf3
{[%clk 0:58:52]} Qd7 {[%clk 1:01:14]} 19. g3 {[%clk 0:53:52]} f4 {[%clk 0:49:52]}
20. Ng2 {[%clk 0:54:02]} fxg3 {[%clk 0:45:12]} 21. fxg3 {[%clk 0:54:26]} Bd5
{[%clk 0:40:32]} 22. Bf4 {[%clk 0:48:23]} Bxf3 {[%clk 0:37:01]} 23. Rxf3
{[%clk 0:48:49]} Nd5 {[%clk 0:34:58]} 24. Raf1 {[%clk 0:47:18]} Rf7
{[%clk 0:25:32]} 25. Bg5 {[%clk 0:31:35]} Rxf3 {[%clk 0:24:37]} 26. Rxf3
{[%clk 0:30:38]} Qe6 {[%clk 0:19:38]} 27. Qf2 {[%clk 0:23:46]} Rd7
{[%clk 0:15:04]} 28. Ne3 {[%clk 0:20:30]} Nf6 {[%clk 0:12:49]} 29. Bxf6
{[%clk 0:20:00]} exf6 {[%clk 0:11:53]} 30. Ng2 {[%clk 0:16:47]} Qb3
{[%clk 0:10:37]} 31. Qe2 {[%clk 0:14:44]} Qf7 {[%clk 0:09:35]} 32. Re3
{[%clk 0:15:00]} Bf8 {[%clk 0:09:01]} 33. Re8 {[%clk 0:11:33]} Re7
{[%clk 0:09:13]} 34. Rxe7 {[%clk 0:11:55]} Bxe7 {[%clk 0:09:24]} 35. Nf4
{[%clk 0:08:51]} Bd6 {[%clk 0:09:23]} 36. Qg4 {[%clk 0:05:14]} 1/2-1/2

[Event "Hastings Masters"]
[Site "Hastings, England"]
[Date "2015.01.03"
[Round "6.28"]
[White "Flear, Christine"]
[WhiteElo "2181"]
[Black "Froewis, Annika"]
[BlackElo "2036"]
[Result "1/2-1/2"]

1. d4 {[%clk 1:40:57]} d5 {[%clk 1:40:56]} 2. c4 {[%clk 1:41:20]} e6
{[%clk 1:41:22]} 3. Nc3 {[%clk 1:41:36]} Nf6 {[%clk 1:41:44]} 4. cxd5
{[%clk 1:41:39]} exd5 {[%clk 1:42:08]} 5. Bg5 {[%clk 1:41:54]} Be7
{[%clk 1:42:18]} 6. e3 {[%clk 1:41:56]} c6 {[%clk 1:42:15]} 7. Qc2
{[%clk 1:41:00]} Nbd7 {[%clk 1:39:43]} 8. Bd3 {[%clk 1:40:57]} O-O
{[%clk 1:39:39]} 9. Nf3 {[%clk 1:41:09]} Re8 {[%clk 1:39:37]} 10. h3
{[%clk 1:41:03]} Ne4 {[%clk 1:31:47]} 11. Bxe4 {[%clk 1:37:34]} dxe4
{[%clk 1:23:05]} 12. Nxe4 {[%clk 1:35:49]} Qa5+ {[%clk 1:03:20]} 13. Qd2
{[%clk 1:28:40]} Bb4 {[%clk 1:01:14]} 14. Nc3 {[%clk 1:29:01]} Nb6
{[%clk 1:01:10]} 15. Rc1 {[%clk 1:19:10]} Nc4 {[%clk 0:40:18]} 16. Qe2
{[%clk 1:13:22]} Qxa2 {[%clk 0:34:53]} 17. O-O {[%clk 1:11:57]} Bxc3
{[%clk 0:32:28]} 18. Rxc3 {[%clk 1:12:12]} Nd6 {[%clk 0:31:40]} 19. Bf4
{[%clk 0:58:37]} Ne4 {[%clk 0:30:44]} 20. Ra3 Qd5 {[%clk 0:30:44]} 21. Rfa1 a6
{[%clk 0:30:44]} 22. Ra5 Qd8 {[%clk 0:30:44]} 23. Qc2 h6 {[%clk 0:30:44]} 24. Be5
f5 {[%clk 0:30:44]} 25. Qb3+ Kh7 {[%clk 0:30:44]} 26. Bf4 Qf6 {[%clk 0:30:44]}
27. Qb6 Qf7 {[%clk 0:30:44]} 28. Ne5 Qe7 {[%clk 0:30:44]} 29. Nd3 Nf6
{[%clk 0:30:44]} 30. Rc1 Nd5 {[%clk 0:30:44]} 31. Qb3 Be6 {[%clk 0:30:44]} 32.
Qd1 Rad8 {[%clk 0:30:44]} 33. Rac5 Nf6 {[%clk 0:30:44]} 34. Ra5 1/2-1/2

[Event "Hastings Masters"]
[Site "Hastings, England"]
[Date "2015.01.03"
[Round "6.29"]
[White "Anderson, John"]
[WhiteElo "2180"]
[Black "Low, Zhen Yu Cyrus"]
[BlackElo "2028"]
[Result "1/2-1/2"]

1. e4 c5 2. Nf3 Nc6 3. d4 cxd4 4. Nxd4 Nf6 5. Nc3 d6 6. Bg5 e6 7. Qd2 a6 8.
O-O-O Bd7 9. f4 b5 10. Bxf6 gxf6 11. Nxc6 Bxc6 12. Qe3 Be7 13. f5 Qa5 14. Kb1
b4 15. Ne2 Qe5 16. Ng3 h5 17. Bd3 Bf8 18. Rhe1 Bd7 19. Bc4 a5 20. Nf1 Rc8 21.
Nd2 Ke7 22. Qd3 Qc5 23. b3 Bh6 24. e5 dxe5 25. Ne4 Qc7 26. Nxf6 Kxf6 27. Qxd7
Rhd8 28. Qxc7 Rxd1+ 29. Rxd1 Rxc7 30. fxe6 fxe6 31. Rf1+ Ke7 32. Re1 Rd7 33.
Bd3 Kd6 34. Bg6 Rg7 35. Be4 h4 36. h3 Bf4 37. Kb2 Rc7 38. Rd1+ Ke7 39. Rd3 Bg3
40. c4 Bf2 41. a4 Rc8 42. Kc2 Rg8 43. Kd2 Bd4 44. Ke2 Kd6 45. Kd2 Kc5 46. Kd1
Rf8 47. Rf3 Rd8 48. Rd3 Rg8 49. Kd2 Rf8 50. Rf3 Bc3+ 51. Ke2 Rd8 52. Rd3 Rf8
53. Rf3 Rd8 54. Rd3 Rg8 55. Kf2 Rf8+ 56. Rf3 Rd8 57. Rd3 Rxd3 58. Bxd3 Kd4 59.
Bg6 Bb2 60. c5 Kxc5 61. Ke3 Kd5 62. Be4+ Kd6 63. Bb7 Bd4+ 64. Ke4 Ke7 65. Bc8
Kf6 66. Bb7 Ke7 67. Bc8 Kf6 68. Bb7 Ke7 69. Kf3 Kf6 70. Be4 Kg5 71. g3 Bc3 72.
Bc6 hxg3 73. Kxg3 Be1+ 74. Kf3 Kh4 75. Bd7 Kxh3 76. Bxe6+ Kh4 77. Ke4 Bg3 78.
Bc4 Kg5 79. Be2 Kf6 80. Kd5 Kf5 81. Bd3+ Kf4 1/2-1/2